[Event "Class Tournaments HC #12"]
[Site "SchemingMind.com"]
[Date "2015.01.09"]
[Round "-"]
[White "sibelius"]
[Black "PunditX"]
[Result "0-1"]
[WhiteCountry "USA"]
[BlackCountry "PHI"]
[WhiteElo "2161"]
[WhiteRD "85"]
[BlackElo "2572"]
[BlackRD "103"]
[GameID "372649"]

1. d4 Nf6 2. Nc3 d5 3. Bg5 Nbd7 4. f3 h6 5. Bh4 c5 6. Bxf6 Nxf6 7. Qd2 e6 8. O-O-O b5 9. e4 c4 10. Nxb5 Rb8
11. Nc3 Qb6 12. b3 Qa5
0-1

[Event "Class Tournaments HC #12"]
[Site "SchemingMind.com"]
[Date "2015.01.08"]
[Round "-"]
[White "PunditX"]
[Black "sibelius"]
[Result "1-0"]
[WhiteCountry "PHI"]
[BlackCountry "USA"]
[WhiteElo "2581"]
[WhiteRD "106"]
[BlackElo "2016"]
[BlackRD "76"]
[GameID "372650"]

1. e4 c5 2. Nf3 e6 3. d4 cxd4 4. Nxd4 Nf6 5. Nc3 Nc6 6. Ndb5 d6 7. Bf4 e5 8. Bg5 a6 9. Na3 Be6 10. Nc4 Rc8
11. Bxf6 Qxf6 12. Nb6 Rb8 13. Ncd5 Qd8 14. c3
1-0

[Event "Class Tournaments HC #12"]
[Site "SchemingMind.com"]
[Date "2015.01.18"]
[Round "-"]
[White "Oskyrain"]
[Black "chesshub"]
[Result "1-0"]
[WhiteCountry "ARG"]
[BlackCountry "FRA"]
[WhiteElo "2477"]
[WhiteRD "87"]
[BlackElo "2478"]
[BlackRD "70"]
[GameID "373133"]

1. d4 Nf6 2. c4 e6 3. Nf3 b6 4. g3 Bb7 5. Bg2 Be7 6. O-O O-O 7. Nc3 Ne4 8. Bd2 f5 9. Ne5 Nxc3 10. Bxc3 Bxg2
11. Kxg2 Bf6 12. Qd3 a5 13. Rfd1 Na6 14. Qf3 Qe7 15. Nd3 Nb4 16. Nf4 c5 17. dxc5 bxc5 18. Bxf6 gxf6 19. Rd2 Nc6 20. Rad1 Ne5
21. Qc3 a4 22. Nd3 Nc6 23. h3 Kh8 24. Nf4 d6 25. Qe3 Ne5 26. b3 axb3 27. axb3 Ra6 28. f3 Rb8 29. Nh5 Nf7 30. Qc3 Ne5
31. Kf2 Rab6 32. Ra2 R6b7 33. Ra6 Qf7 34. g4 Rxb3 35. Qxb3 Rxb3 36. Ra8+ Qg8 37. Rxg8+ Kxg8 38. gxf5 Nxc4 39. Rg1+ Kf8 40. fxe6 Na5
41. Ra1 Rb5 42. Nxf6 c4 43. e4 c3 44. e7+ Kxe7 45. Nd5+ Kf7 46. Nxc3 Rb2+ 47. Kg3 Nc6 48. Rc1 Nd4 49. Rd1 Rb4 50. h4 Rc4
51. Nd5 Ra4 52. Kg4 Ke6 53. Rd3 Ne2 54. h5 Nd4 55. Rc3 Ra7 56. h6 Rb7 57. Rc8 Kf7 58. f4 Kg6 59. Rc4
1-0

[Event "Class Tournaments HC #12"]
[Site "SchemingMind.com"]
[Date "2015.01.18"]
[Round "-"]
[White "chesshub"]
[Black "Oskyrain"]
[Result "1-0"]
[WhiteCountry "FRA"]
[BlackCountry "ARG"]
[WhiteElo "2487"]
[WhiteRD "72"]
[BlackElo "2458"]
[BlackRD "85"]
[GameID "373134"]

1. e4 e5 2. Nf3 Nc6 3. Bb5 a6 4. Ba4 Nf6 5. O-O b5 6. Bb3 Bb7 7. d3 Bc5 8. Nc3 O-O 9. a4 Na5 10. axb5 Nxb3
11. cxb3 axb5 12. Rxa8 Qxa8 13. Bg5 Ng4 14. b4 Bb6 15. h3 f6 16. Bc1 Nxf2 17. Rxf2 Bxf2+ 18. Kxf2 f5 19. Nxe5 fxe4+ 20. Kg1 Qe8
21. d4 d6 22. Ng4 h5 23. Ne3 Rf7 24. d5 Qe5 25. Nc2 Rf5 26. Kh1 Qe8 27. Kh2 Qe5+ 28. Kg1 Rf7 29. Be3 Bc8 30. Qe2 Bd7
31. Qe1 g5 32. Nd4 h4 33. Ncxb5 Bxb5 34. Nxb5 Qxd5 35. Nc3 Qe5 36. Qe2 Kg7 37. Qh5 Rf5 38. Nd1 Qf6 39. Nf2 Qf7 40. Qg4 Qd5
41. Nxe4 Kg6 42. Nf2 Kf6 43. Qe2 Ke6 44. Bxg5+ Qe5 45. Be3 Kd7 46. Qg4 Kc6 47. Nd1 Qb5 48. Bf2 Qe5 49. Qc4+ Kd7 50. Qxh4 Rf4
51. Qh7+
1-0

[Event "Class Tournaments HC #12"]
[Site "SchemingMind.com"]
[Date "2015.01.18"]
[Round "-"]
[White "Oskyrain"]
[Black "kibic"]
[Result "1/2-1/2"]
[WhiteCountry "ARG"]
[BlackCountry "INT"]
[WhiteElo "2467"]
[WhiteRD "85"]
[BlackElo "2441"]
[BlackRD "70"]
[GameID "373164"]

1. c4 e5 2. Nc3 Nf6 3. Nf3 Nc6 4. g3 Bb4 5. Bg2 O-O 6. O-O e4 7. Ng5 Bxc3 8. bxc3 Re8 9. Qc2 Qe7 10. d3 exd3
11. exd3 b6 12. Be3 Bb7 13. Rfe1 h6 14. Nf3 Qd8 15. Qa4 d6 16. Nd4 Na5 17. Nb3 Bxg2 18. Kxg2 Nb7 19. Qc6 Nc5 20. Nxc5 dxc5
21. Rad1 Qd6 22. Qf3 Rad8 23. Bf4 Qd7 24. d4 Rxe1 25. Rxe1 cxd4 26. cxd4 Qxd4 27. Bxc7 Rc8=
1/2-1/2

[Event "Class Tournaments HC #12"]
[Site "SchemingMind.com"]
[Date "2015.01.16"]
[Round "-"]
[White "kibic"]
[Black "chesshub"]
[Result "1/2-1/2"]
[WhiteCountry "INT"]
[BlackCountry "FRA"]
[WhiteElo "2436"]
[WhiteRD "71"]
[BlackElo "2484"]
[BlackRD "74"]
[GameID "373167"]

1. d4 Nf6 2. c4 e6 3. Nf3 b6 4. Nc3 Bb4 5. Bg5 Bb7 6. e3 h6 7. Bh4 g5 8. Bg3 Ne4 9. Qc2 Bxc3+ 10. bxc3 Nxg3
11. hxg3 Nc6 12. g4 Qe7 13. Nd2 O-O-O 14. c5 Rdf8 15. Bd3 f5 16. gxf5 exf5 17. Bxf5 Qf6 18. e4 Ne7 19. g4 h5 20. O-O-O hxg4
21. Bxg4 Qxf2 22. Rxh8 Rxh8 23. cxb6 axb6 24. Qd3 Qf4 25. Rg1 Ng6 26. Bf5 Qd6 27. Kb1=
1/2-1/2

[Event "Class Tournaments HC #12"]
[Site "SchemingMind.com"]
[Date "2015.01.16"]
[Round "-"]
[White "sibelius"]
[Black "kibic"]
[Result "0-1"]
[WhiteCountry "USA"]
[BlackCountry "INT"]
[WhiteElo "2016"]
[WhiteRD "76"]
[BlackElo "2440"]
[BlackRD "74"]
[GameID "373168"]

1. d4 Nf6 2. Nc3 d5 3. Bg5 c5 4. Bxf6 gxf6 5. e4 dxe4 6. dxc5 f5 7. Qxd8+ Kxd8 8. O-O-O+ Bd7 9. f3 e3 10. Bb5 e6
0-1

[Event "Class Tournaments HC #12"]
[Site "SchemingMind.com"]
[Date "2015.01.15"]
[Round "-"]
[White "kibic"]
[Black "sibelius"]
[Result "1-0"]
[WhiteCountry "INT"]
[BlackCountry "USA"]
[WhiteElo "2440"]
[WhiteRD "74"]
[BlackElo "2016"]
[BlackRD "76"]
[GameID "373169"]

1. d4 Nf6 2. c4 e6 3. Nf3 Bb4+ 4. Bd2 Bxd2+ 5. Qxd2 b6 6. Nc3 Bb7 7. d5 Qe7 8. g3 O-O 9. Bg2 d6 10. O-O c6
11. dxe6
1-0

[Event "Class Tournaments HC #12"]
[Site "SchemingMind.com"]
[Date "2015.01.18"]
[Round "-"]
[White "Oskyrain"]
[Black "Professor"]
[Result "1/2-1/2"]
[WhiteCountry "ARG"]
[BlackCountry "USA"]
[WhiteElo "2458"]
[WhiteRD "85"]
[BlackElo "2502"]
[BlackRD "78"]
[GameID "373220"]

1. e4 e5 2. Nf3 Nc6 3. Bb5 a6 4. Ba4 d6 5. c3 Bd7 6. d4 Nf6 7. Nbd2 g6 8. O-O b5 9. Bc2 Bg7 10. dxe5 Nxe5
11. Nxe5 dxe5 12. Nb3 O-O 13. Be3 Bc6 14. f3 a5 15. a4 bxa4 16. Nc5 Qxd1 17. Rfxd1 Rfb8 18. Bxa4 Bxa4 19. Nxa4 Bf8 20. Rd2 Ne8
21. Nc5 Rb5 22. Nd7 Be7 23. Kf2 Nd6 24. Ra4 f6 25. Nc5 Kf7 26. Ke2 Nc8 27. Nd3 Rbb8 28. Rc4 Rb7 29. Rd1 a4 30. Ra1 a3
31. bxa3 Rxa3 32. Rxa3 Bxa3 33. Rc6 Bd6 34. c4 Be7 35. h4 Nb6 36. Bxb6 cxb6 37. f4 exf4 38. Nxf4 b5 39. c5 b4 40. Rb6 Rxb6
41. cxb6 Bd6 42. Nd5 Ke6 43. Kd3 f5 44. Kc4 fxe4 45. Nxb4 Kd7 46. Nd5 Kc6 47. Nf6 Be7 48. b7 Kxb7=
1/2-1/2

[Event "Class Tournaments HC #12"]
[Site "SchemingMind.com"]
[Date "2015.01.18"]
[Round "-"]
[White "Professor"]
[Black "Oskyrain"]
[Result "1/2-1/2"]
[WhiteCountry "USA"]
[BlackCountry "ARG"]
[WhiteElo "2502"]
[WhiteRD "78"]
[BlackElo "2458"]
[BlackRD "85"]
[GameID "373221"]

1. e4 e5 2. Nf3 Nc6 3. Bc4 Bc5 4. c3 Nf6 5. d3 a6 6. Bb3 O-O 7. O-O d6 8. h3 h6 9. Re1 Re8 10. Nbd2 Be6
11. Nc4 Qe7 12. Ne3 Bxe3 13. Bxe3 d5 14. Bc2 Rad8 15. Qe2 b5 16. Red1 b4 17. Qe1 Qd6 18. Ba4 Bd7 19. Bb3 a5 20. Rac1 bxc3
21. bxc3 Be6 22. Qe2 Qa3 23. Qc2 dxe4 24. dxe4 Bxb3 25. axb3 Rxd1+ 26. Rxd1 Rb8 27. Nd2 Ne8 28. Qd3 Qd6 29. Qc4 Nf6 30. Re1 Nd7
31. f3 Nb6 32. Qe2 a4 33. Ra1 axb3 34. Nxb3 Nd7 35. Qc4 Nb6 36. Qc5 Nc8 37. Qc4 Nb6 38. Qc5 Nc8 39. Nd2 Qxc5 40. Bxc5 f6
41. Kf2 Nd8 42. Ra6 Kf7 43. Bb4 Ne6 44. g3 Nb6 45. Nb3 g5 46. Nc5 Nxc5 47. Bxc5 Nc4 48. Ke2 Rb2+ 49. Kd3 Nd2 50. Rc6 Nxf3
51. Rxc7+ Kg6 52. Bf8 Rh2 53. g4 h5 54. Rg7+ Kh6 55. Rb7+=
1/2-1/2

[Event "Class Tournaments HC #12"]
[Site "SchemingMind.com"]
[Date "2015.01.18"]
[Round "-"]
[White "chesshub"]
[Black "Professor"]
[Result "1/2-1/2"]
[WhiteCountry "FRA"]
[BlackCountry "USA"]
[WhiteElo "2487"]
[WhiteRD "72"]
[BlackElo "2502"]
[BlackRD "78"]
[GameID "373222"]

1. e4 e5 2. Nf3 Nc6 3. Bb5 d6 4. d4 Bd7 5. Nc3 exd4 6. Nxd4 g6 7. Be3 Bg7 8. Qd2 Nf6 9. f3 O-O 10. O-O-O Nxd4
11. Bxd4 Nxe4 12. Nxe4 Bxb5 13. h4 Bc6 14. Bxg7 Kxg7 15. Qd4+ f6 16. h5 Bxe4 17. Qxe4 Qd7 18. hxg6 hxg6 19. Qxb7 Rfb8 20. Qd5 Qb5
21. Qd4 Qe5 22. b3 Rb5 23. Rhe1 Qxd4 24. Rxd4 Re5 25. Kd2 Rxe1 26. Kxe1 Kf7 27. Kd2 Ke6 28. Re4+ Kd7 29. Rh4 Ke6 30. Rh7 c6
31. a4 a5 32. Kd3 g5 33. Ke4 d5+ 34. Kd4 Kd6 35. Rf7 Ke6 36. Rb7 Kd6 37. c4 dxc4 38. bxc4 c5+ 39. Ke4 Re8+ 40. Kf5 Re2
41. Rb6+=
1/2-1/2

[Event "Class Tournaments HC #12"]
[Site "SchemingMind.com"]
[Date "2015.01.18"]
[Round "-"]
[White "Professor"]
[Black "chesshub"]
[Result "1-0"]
[WhiteCountry "USA"]
[BlackCountry "FRA"]
[WhiteElo "2544"]
[WhiteRD "87"]
[BlackElo "2484"]
[BlackRD "74"]
[GameID "373223"]

1. e4 c5 2. Nc3 Nc6 3. g3 g6 4. Bg2 Bg7 5. d3 d6 6. Be3 Rb8 7. Qd2 b5 8. Nge2 b4 9. Nd1 Nd4 10. O-O h5
11. h3 Bd7 12. f4 Qc8 13. Kh2 f6 14. Nxd4 cxd4 15. Bxd4 a5 16. Qf2 Nh6 17. Ne3 Nf7 18. a3 Nd8 19. Nc4 Nc6 20. Be3 Be6
21. axb4 axb4 22. Nb6 Qd8 23. f5 Bf7 24. Nd5 O-O 25. fxg6 Bxg6 26. Bf3 f5 27. exf5 Bxf5 28. Nf4 Qe8 29. Qg2 Rc8 30. Bxh5 Qd7
31. Nd5 Rb8 32. Ra6 e6 33. Rxc6 exd5 34. Qxd5+ Be6 35. Rxf8+ Rxf8 36. Qxd6 Bxh3 37. b3 Qxd6 38. Rxd6 Bf5 39. Bg5 Bc3 40. Rd8 Rxd8
41. Bxd8 Kg7 42. Kg2
1-0

[Event "Class Tournaments HC #12"]
[Site "SchemingMind.com"]
[Date "2015.01.16"]
[Round "-"]
[White "PunditX"]
[Black "Professor"]
[Result "1/2-1/2"]
[WhiteCountry "PHI"]
[BlackCountry "USA"]
[WhiteElo "2539"]
[WhiteRD "97"]
[BlackElo "2502"]
[BlackRD "78"]
[GameID "373229"]

1. e4 e5 2. Nf3 Nc6 3. Bb5 a6 4. Ba4 d6 5. c3 Bd7 6. d4 Nf6 7. O-O g6 8. Re1 b5 9. Bc2 Bg7 10. dxe5 Nxe5
11. Nxe5 dxe5 12. Be3 Ng4 13. Bc5 Qh4 14. h3 Bf8 15. Bxf8 Qxf2+ 16. Kh1 h5 17. Bg7 Rh7 18. Qe2 Qg3 19. hxg4 hxg4+ 20. Kg1 Qh2+
21. Kf1 Rxg7 22. Qe3 O-O-O 23. Nd2 f5 24. Qg1 Qh8 25. Rad1 f4 26. Bb3 Kb8 27. Ke2 Bc6 28. Be6 g3 29. Qc5 Bxe4 30. Nxe4 Qh5+
31. Kf1 Rxd1 32. Qf8+ Ka7 33. Qc5+ Kb8= 34. Qf8+ Ka7 35. Qc5+ Kb8 36. Qf8+
1/2-1/2

[Event "Class Tournaments HC #12"]
[Site "SchemingMind.com"]
[Date "2015.01.16"]
[Round "-"]
[White "Professor"]
[Black "Selwyn"]
[Result "1/2-1/2"]
[WhiteCountry "USA"]
[BlackCountry "AUS"]
[WhiteElo "2558"]
[WhiteRD "95"]
[BlackElo "2454"]
[BlackRD "80"]
[GameID "373242"]

1. e4 Nf6 2. e5 Nd5 3. d4 d6 4. Nf3 dxe5 5. Nxe5 c6 6. Be2 Bf5 7. O-O Nd7 8. Nf3 e6 9. c4 N5f6 10. Nc3 Bd6
11. Nh4 Bg6 12. g3 O-O 13. Bf3 e5 14. d5 cxd5 15. Nxg6 hxg6 16. Nxd5 e4 17. Bg2 Re8 18. b3 Be5 19. Rb1 Qa5 20. Nxf6+ Nxf6
21. Qe2 Rad8 22. Be3 Bd4 23. Bxd4 Rxd4 24. Rbd1 Red8 25. Rxd4 Rxd4 26. Rd1 Rxd1+ 27. Qxd1 Qxa2 28. Bxe4 Nxe4 29. Qd8+=
1/2-1/2

[Event "Class Tournaments HC #12"]
[Site "SchemingMind.com"]
[Date "2015.01.16"]
[Round "-"]
[White "Selwyn"]
[Black "Professor"]
[Result "1/2-1/2"]
[WhiteCountry "AUS"]
[BlackCountry "USA"]
[WhiteElo "2454"]
[WhiteRD "80"]
[BlackElo "2558"]
[BlackRD "95"]
[GameID "373243"]

1. d4 Nf6 2. c4 e6 3. Nc3 Bb4 4. e3 O-O 5. Bd3 c5 6. Nf3 Nc6 7. O-O Bxc3 8. bxc3 d6 9. e4 e5 10. d5 Ne7
11. Nh4 h6 12. f4 Ng6 13. Nxg6 fxg6 14. Rb1 b6 15. Rb2 Qe8 16. Rbf2 Ng4 17. Rf3 Bd7 18. Rg3 Nf6 19. fxe5 dxe5 20. h4 Kh7
21. Qe1 Nh5 22. Rxf8 Qxf8 23. Rf3 Qe7 24. Bc2 Bg4 25. Rf1 Rf8 26. Rxf8 Qxf8 27. Ba4 Qf6 28. Be3 Qe7 29. Bc2=
1/2-1/2

[Event "Class Tournaments HC #12"]
[Site "SchemingMind.com"]
[Date "2015.01.16"]
[Round "-"]
[White "kibic"]
[Black "Selwyn"]
[Result "1/2-1/2"]
[WhiteCountry "INT"]
[BlackCountry "AUS"]
[WhiteElo "2440"]
[WhiteRD "74"]
[BlackElo "2446"]
[BlackRD "81"]
[GameID "373244"]

1. d4 Nf6 2. c4 e6 3. Nf3 b6 4. Nc3 Bb7 5. a3 d5 6. cxd5 Nxd5 7. Qc2 Nxc3 8. bxc3 Be7 9. e4 O-O 10. Bd3 c5
11. O-O Qc7 12. Qe2 Nd7 13. e5 Rfd8 14. Be3 Rac8 15. Ng5 Nf8 16. Qh5 Bxg5 17. Qxg5 Qd7 18. Rfc1 cxd4 19. cxd4 Rxc1+ 20. Rxc1 Rc8
21. Rxc8 Qxc8 22. Qe7=
1/2-1/2